| 000 | 00776nam a22002297a 4500 | ||
|---|---|---|---|
| 999 |
_c3093 _d3093 |
||
| 003 | AR-CdUCM | ||
| 008 | 190305b ||||| |||| 00| 0 spa d | ||
| 040 |
_aMUNICIPALIDAD PROVINCIAL DEL CUSCO _cBIBLIOTECA MUNICIPAL DEL CUSCO |
||
| 082 |
_a301.04 / _bM44 |
||
| 100 |
_aMessner, Johannes _910471 |
||
| 245 | _aLa cuestión social / | ||
| 260 |
_aMadrid : _bRialp, _c1960. |
||
| 300 |
_a718 paginas ; _c24 cm. |
||
| 505 | _aEl capitalismo -- Evaluación histórica -- Fundamentos filosóficos -- La economía -- La sociedad -- El estado -- La cultura ... | ||
| 650 |
_aEconomía _9382 |
||
| 650 |
_aCapitalismo _93221 |
||
| 650 |
_aSocialismo _91037 |
||
| 650 |
_aReforma social _910472 |
||
| 700 |
_aPerez Embid, Florentino _910473 |
||
| 942 |
_2ddc _cLIBROS |
||
| 945 | _awnts | ||